| 000 | 00624nam a2200217Ia 4500 | ||
|---|---|---|---|
| 003 | SISC | ||
| 005 | 20160818134333.0 | ||
| 008 | 140321s9999 xx 000 0 und d | ||
| 020 | _a9788126150526 | ||
| 050 |
_aG 550 _b.G646 2012 |
||
| 100 | _aGopal, Madhav. | ||
| 245 |
_aCruise ship food and entertainment / _cMadhav Gopal. |
||
| 250 | _a1st edition. | ||
| 260 |
_aNew Delhi : _bAnmol Publications Pvt. Ltd., _c2012. |
||
| 300 |
_a256 pages ; _c22 cm. |
||
| 500 | _aIncludes bibliographical references and index. | ||
| 650 | _aCruise lines. | ||
| 650 | _aCruise ships. | ||
| 942 |
_kFOR _cBK _2lcc |
||
| 999 |
_c48510 _d48510 |
||